Alle Länder mit Spanisch als Landessprache - Statistiken

Allgemein
  • Dieses Quiz wurde 55 mal gespielt
  • Das Durchschnittsergebnis liegt bei 15 aus 20
Antwortstatistiken
Kontinent Land % Korrekt
Europa Spanien
100%
Südamerika Chile
90%
Südamerika Kolumbien
90%
Nordamerika Mexiko
90%
Südamerika Peru
88%
Südamerika Argentinien
86%
Südamerika Uruguay
86%
Südamerika Paraguay
84%
Südamerika Venezuela
84%
Südamerika Bolivien
82%
Nordamerika El Salvador
78%
Nordamerika Panama
76%
Südamerika Ecuador
75%
Nordamerika Guatemala
73%
Nordamerika Honduras
73%
Nordamerika Kuba
73%
Nordamerika Costa Rica
69%
Nordamerika Nicaragua
69%
Nordamerika Dominikanische Republik
47%
Afrika Äquatorial-Guinea
25%
Keine übereinstimmenden Quizze gefunden
Verteilung der Resultate
Anzahl Personen mit jedem Resultat
Perzentil nach korrekt beantworteten Fragen
Ihre Resultats-Entwicklung
Sie haben dieses Quiz noch nicht gespielt